[Event "FRA-chT Top 16 GpA"]
[Site "Noyon"]
[Date "2005.04.02"]
[Round "6"]
[White "Svidler, Peter"]
[Black "Maze, Sebastien"]
[Result "1-0"]
[WhiteElo "2735"]
[BlackElo "2455"]
[PlyCount "51"]
[EventDate "2005.03.31"]
[EventType "team"]
[EventRounds "7"]
[EventCountry "FRA"]
[SourceTitle "CBM 105 Extra"]
[Source "ChessBase"]
[SourceDate "2005.05.01"]
[SourceVersion "1"]
[SourceVersionDate "2005.05.01"]
[SourceQuality "1"]

1. e4 c5 2. Nf3 Nc6 3. d4 cxd4 4. Nxd4 e5 5. Nb5 a6 6. Nd6+ Bxd6 7. Qxd6 Qe7 8.
Qd1 Nf6 9. Nc3 h6 10. Be3 O-O 11. Qd2 b5 12. O-O-O Qe6 13. f3 Ne7 14. Bc5 Rd8
15. Qd6 Qxd6 16. Bxd6 Ng6 17. a4 bxa4 18. Nxa4 Ne8 19. Bb4 a5 20. Nb6 Ra7 21.
Bc5 Ba6 22. Nxd7 Raxd7 23. Bxa6 Nf4 24. Bb6 Rxd1+ 25. Rxd1 Ra8 26. Bc4 1-0

[Event "GER CupT final"]
[Site "Baden-Baden"]
[Date "2005.04.17"]
[Round "1.1"]
[White "Svidler, Peter"]
[Black "Van Wely, Loek"]
[Result "1-0"]
[WhiteElo "2735"]
[BlackElo "2679"]
[Annotator "Finkel,A"]
[PlyCount "81"]
[EventDate "2005.04.17"]
[EventType "team"]
[EventRounds "1"]
[EventCountry "GER"]
[SourceTitle "CBM 107"]
[Source "ChessBase"]
[SourceDate "2005.08.01"]
[SourceVersion "1"]
[SourceVersionDate "2005.08.01"]
[SourceQuality "1"]
[WhiteTeam "Baden Oos"]
[BlackTeam "Porz"]
[WhiteTeamCountry "GER"]
[BlackTeamCountry "GER"]

1. e4 c5 2. Nf3 Nc6 3. Bb5 g6 4. Bxc6 dxc6 5. d3 Bg7 6. h3 Nf6 7. Nc3 Nd7 8.
Be3 e5 (8... Qa5 $6 9. Qd2 h6 $2 10. O-O e5 11. a3 {[%cal Gb2b4]} Nf8 $2 12. b4
cxb4 13. axb4 Qxb4 14. Bxa7 $1 $18 {Oratovsky,M-Kagan,S/Ramat Aviv 2000/CBM 77
.}) (8... a5 9. a4 $6 b6 10. Qd2 h6 11. O-O e5 12. Ne2 $2 Nf8 {[%cal Gf8e6]}
13. c3 Ba6 14. Rfd1 Ne6 $17 {[%csl Gd3] Groffen,H-Abolianin,A/Vlissingen 1995/
EXT 2000}) (8... b6 9. Qd2 e5 10. Bh6 O-O 11. O-O-O Re8 12. g4 Nf8 13. Ne2 a5
14. Rdg1 Bf6 15. Bg5 Ne6 16. Bxf6 Qxf6 $13 {Bologan,V-Anand,V/New Delhi/Theran
2000/CBM 80}) 9. O-O Qe7 (9... O-O 10. Qd2 Re8 11. Nh2 Qe7 12. Bh6 Bh8 13. Ng4
Nf8 $13 {Adams,M-Kramnik,V/Dortmund 2000/CBM 78}) 10. Qd2 Nf8 ({Another good
continuation is} 10... h6 {preventing Bh6.} 11. a3 (11. Nh2 Nf8 12. f4 exf4 13.
Bxf4 Ne6 14. Be3 Nd4 15. Nd1 $5 (15. Nf3 Be6 16. Qf2 Rd8 17. Rab1 O-O $13)
15... b6 16. c3 Ne6 17. Nf3 Ba6 $13 {Galdunts,S-Jakubiec,A/Griesheim 2002})
11... a5 12. Nh2 a4 13. f4 exf4 14. Bxf4 Ne5 15. Nf3 Nxf3+ 16. Rxf3 g5 17. Be3
Be6 18. Qf2 b6 19. d4 cxd4 20. Bxd4 Bxd4 21. Qxd4 Qc5 22. Qxc5 bxc5 $16 {
[%csl Ga4,Gc5,Gc6,Gf6] Tseitlin,M-Schmittdiel,E/Groningen 1994}) 11. Bh6 f6 (
11... Bxh6 12. Qxh6 f6 13. Nh4 Be6 14. f4 exf4 15. Rae1 c4 16. d4 O-O-O $13 {
Galdunts,S-Motylev,A/Bastia 2004}) 12. Nh4 $5 {This move is a novelty, but
just as White's previous tries to get an opening advantage it shouldn't be too
dangerous for Black.} (12. Bxg7 Qxg7 13. Qe3 (13. Ne2 g5 (13... Ne6 14. c3 O-O
15. d4 Rd8 16. Qe3 cxd4 17. cxd4 exd4 18. Nexd4 Nxd4 19. Nxd4 c5 20. Nb5 Qe7
$11 {Baklan,V-Mochalov,E/Kiev 1995}) 14. Nh2 (14. Ng3 Ng6 15. Nh5 Qe7 16. Rfb1
g4 17. Nh2 gxh3 18. g3 O-O $13 {Ovetchkin,R-Saveljev,V/Krasnoyarsk 2003}) 14...
Ne6 15. b4 cxb4 16. Qxb4 Nf4 17. Ng3 h5 18. Rab1 Rh7 19. Rfe1 Be6 $15 {Kutuzov,
D-Gonzalez Valero,J/Benidorm 2003}) 13... Ne6 14. a4 Nd4 15. Ne1 g5 16. a5 O-O
17. Na4 b6 18. Ra3 Nb5 19. Ra1 Be6 20. Rc1 Rab8 $13 {Porubszky Angyalosine,
M-Grabics,M/Hungary 1992}) (12. Nh2 Ne6 13. Bxg7 (13. Ne2 Bd7 14. a4 O-O 15.
Bxg7 Qxg7 16. f4 exf4 17. Nxf4 f5 $11 {Abzalov,I-Nigametzianov,M/Dagomys 2004})
13... Qxg7 14. Ne2 O-O 15. f4 exf4 16. Nxf4 Nxf4 17. Qxf4 f5 18. e5 Be6 19. Nf3
h6 $13 {Demakov,P-Arzamasov,I/Dagomys 2004}) 12... Ne6 13. Ne2 O-O 14. Rad1 b6
(14... Nd4 15. Nxd4 cxd4 16. Bxg7 Qxg7 17. f4 Be6 (17... exf4 18. Nf3 g5 19.
Nxd4 f5 $11) 18. Nf3 Rae8 19. a3 c5 $11) 15. Bxg7 Nxg7 $2 {This very strange
decision passes the initiative into White's hands. It was much better to
capture with the queen preventing White to push f4 right away.} (15... Qxg7 16.
a3 (16. f4 $2 Qh6 $1 {[%csl Rh4]} 17. g3 Nxf4 18. Nxf4 exf4 19. Qxf4 Qxf4 20.
gxf4 Bxh3 $17) 16... a5 17. Qe3 Nd4 18. c3 Nxe2+ 19. Qxe2 Be6 20. d4 cxd4 21.
cxd4 exd4 22. Rxd4 f5 $11) 16. f4 $1 $14 exf4 $6 (16... f5 $1 17. Nf3 exf4 18.
Qxf4 (18. e5 $6 g5 $1 $15) 18... fxe4 19. Qxe4 Qxe4 20. dxe4 Ba6 (20... Be6 21.
Ne5 $16) 21. Rfe1 Rae8 22. Nc3 Bc8 23. Kh2 $14) 17. Nxf4 {Black can do nothing
to prevent Ng6, which is highly unpleasent under the circumstances.} g5 (17...
Qf7 18. Nfxg6 $1 hxg6 19. Qh6 {[%csl Rg8]} Qe6 20. Nxg6 Re8 21. Rf2 f5 22. g4
$1 $18) 18. Nhg6 hxg6 19. Nxg6 Qe8 20. Nxf8 Qxf8 21. e5 f5 ({No better is} 
21... Nh5 22. exf6 Nf4 23. Rxf4 gxf4 24. Qxf4 Be6 25. Re1 $18 {and black is in
troubles.}) 22. Qxg5 $16 Be6 23. Rf4 Re8 24. Re1 Bd7 25. Re3 Qe7 (25... Re6)
26. Qg3 $1 Qf7 27. Rh4 Re6 28. Qf4 Be8 $6 (28... Rg6 $142 $1 29. Rg3 (29. Rh6
Rxh6 30. Qxh6 f4 31. Rf3 Ne6 $132) 29... Rxg3 30. Qxg3 Qxa2 31. Rh6 Qd5 32. Rd6
Qf7 33. Qg5 Be8 34. Rf6 Qe7 35. Rxf5 Qxg5 36. Rxg5 Kh7 37. Kf2 $14) 29. Rg3 Qf8
(29... Bd7 $5) 30. Rh6 Qe7 31. Rxe6 Qxe6 32. Qg5 $1 Qxe5 $6 (32... Qd7 33. e6
Qd4+ 34. Kh1 Qe5 (34... Qxb2 $6 35. Qxf5 $18 {[%cal Ge6e7]}) 35. c3 Kh7 $16)
33. Re3 Qb8 34. Re7 Bf7 35. Qf6 Qf8 36. Rxa7 $18 Be8 37. Qxf8+ Kxf8 38. a4 $1 {
[%cal Ga7b7] The final touch!} Ne6 39. Rb7 c4 40. Rxb6 cxd3 41. cxd3 1-0

[Event "RUS-chT 12th"]
[Site "Sochi"]
[Date "2005.04.24"]
[Round "6"]
[White "Burmakin, Vladimir"]
[Black "Svidler, Peter"]
[Result "0-1"]
[WhiteElo "2552"]
[BlackElo "2725"]
[Annotator "Hazai,L"]
[PlyCount "90"]
[EventDate "2005.04.19"]
[EventType "team-tourn"]
[EventRounds "11"]
[EventCountry "RUS"]
[SourceTitle "EXT 2020"]
[Source "ChessBase"]
[SourceDate "2019.10.17"]
[SourceVersion "1"]
[SourceVersionDate "2019.10.17"]
[SourceQuality "1"]
[WhiteTeam "Vladivostok Debiut-DVGU"]
[BlackTeam "Kazan Ladya"]
[WhiteTeamCountry "RUS"]
[BlackTeamCountry "RUS"]

1. d4 Nf6 2. Nf3 g6 3. Bf4 Bg7 4. e3 O-O 5. Be2 d6 6. h3 c5 7. c3 b6 8. O-O Bb7
9. Nbd2 Nbd7 {This quiet positional system is a reversed Reti Opening. Black
has no problems for equalization, although White's position is so safe, that
losing it is not easy at all.} 10. a4 cxd4 {Black liquidates the tension in
the [+], and now White has to decide.} (10... a6 {is the standard main line.}
11. Bh2 Qc7 (11... Ra7 {- Touzane-David, Cannes 2000 CBM 76}) (11... cxd4 12.
exd4 Bh6 {- Apicella-Svidler, Paris 2004 CBM 102}) 12. Qb1 {- Zhukova-A.
Kovacevic, Belgrade 2000 CBM 76}) 11. cxd4 {this weakens >< b4.} (11. exd4 {
allows Black to organize a counterplay against >< f4.} Nd5 (11... Ne4 12. Nxe4
Bxe4 13. Re1 Bb7 14. a5 e5 15. dxe5 dxe5 16. Bg5 f6 17. Be3 $14 {
Koch-Reinderman, Singapore 1990}) 12. Bh2 Bh6 {Now the h2 B is out of play and
the >< f4 can be used as a stepping-stone for the black pieces.} 13. Bc4 Nf4
14. Re1 e6 15. Bf1 a6 16. Qb3 Qc7 17. Ne4 Bd5 {1/2-1/2 Sarlamanov-Dancevski,
Gevgelija 2002}) 11... Nd5 (11... Rc8 12. Bg3 Rc7 {/\ Qa8, Rfc8 is a nice
manoeuvre.} 13. a5 bxa5 14. Rxa5 Bd5 15. Qa1 Qa8 $11 {M.Kuijf-Chandler,
Amsterdam 1984}) 12. Bh2 (12. Bg3 a5 13. Ne1 Nb4 14. Nd3 Nxd3 15. Bxd3 Nf6 16.
Qb3 Rb8 (16... Bd5) 17. Bc4 (17. Rfc1 Nd5) 17... Bc6 18. Rfc1 $14 {Cobb-Sowray,
England 1997}) 12... a5 {Black is fighting for >< b4 weakening the light
squares at the same time.} 13. Qb3 (13. Ne1 Nb4 14. Nd3 Nxd3 15. Bxd3 {is
similar to the previous note.}) 13... Nb4 14. Rfc1 Nf6 $15 {Black's knights
are excellent, especially the b4 one. The white B on h2 bites to d6.} 15. Ne1
Rc8 16. Bf3 Bxf3 17. Ndxf3 Qd7 {Black now has a control over the light squares.
} 18. Qd1 (18. Nd3 Nxd3 19. Rxc8 Rxc8 20. Qxd3 Qc6 $15 {gaining a total
control over the only opened c file.}) 18... h6 19. Nd2 Qe6 20. b3 Nfd5 {
Black's pieces are more active, he has to advance in the >>.} 21. Nc4 Rc6 {
/\ Rfc8} 22. Qd2 Rfc8 23. Kh1 (23. Nc2 {exchanging the passive N looks logical,
although the other one will jump to b4.} Nxc2 24. Rxc2 Nb4 25. Rcc1 Qf5 $15)
23... f5 {securing the stronghold on d5, emphasisizing the pressure on the
light squares and preparing the further advance of pawns on the >>.} 24. Nc2
Nxc2 25. Rxc2 Nb4 26. Rcc1 g5 27. f3 (27. Kg1 g4 $40 {and the -> begins!})
27... d5 28. Na3 {Sad, but true. He has to defend the penetration square >< c2.
} (28. Ne5 Rc2 $15) 28... Bf6 29. Bg3 h5 {Black's -> on the >> comes slowly
but surely.} 30. Rxc6 Rxc6 (30... Qxc6 $15 {controlling the c file was logical.
}) 31. Rd1 h4 32. Be1 (32. Bh2 g4 33. Bf4 $15) 32... g4 $1 {Black creates
weaknesses on the >> and opens the position for his active pieces.} 33. hxg4
fxg4 34. Qe2 g3 35. e4 Bg5 $1 {restricting the white pieces even more.} (35...
dxe4 36. fxe4 (36. Bxb4 axb4 37. Nc4 exf3 38. Qxf3 Bxd4 39. Qf4 Bf6) 36... Qxb3
{wins material but activates the enemy pieces.} 37. d5 Rc5 38. Nb5 Qxa4 39.
Qg4+ Kf8 40. Nd4 $44) 36. Qb5 (36. Bxb4 axb4 37. Qb5 Rc1 38. Rxc1 Bxc1 39. Nc2
(39. Qxb4 Bxa3 40. Qxa3 dxe4 $19 {and the white K is in serious trouble in the
_|_.}) 39... dxe4 $17) 36... Rd6 $2 {[%mdl 8192] Black forgets about the
imprisoned N on the edge of the board...} (36... h3 {was the logical
continuation of the -> on the >>.} 37. Bxg3 hxg2+ 38. Kxg2 Qg6 $40) 37. Nc4 $1
{It is easy to overlook the vertical threats.} Rd8 38. Qxb6 (38. Nxb6 $1 h3 $1
39. Bxg3 $1 (39. Qxa5 Bf4 40. Qxb4 Qh6 $1 $17) 39... Be3 40. Qe2 $16) 38...
Qxb6 39. Nxb6 dxe4 (39... e6 40. Bxb4 axb4 41. a5 $14 {and the a o^ is
dangerous.}) 40. fxe4 Nc2 41. Bxa5 (41. d5 Rf8 42. Bc3 h3 $1 $17) ({missing} 
41. Nc4 $1 Nxe1 42. Rxe1 Rxd4 43. Nxa5 Rb4 (43... Rd2 44. Nc4) 44. e5 Kf7 45.
Rf1+ Ke6 46. Nc6 Re4 $13) 41... Rf8 $1 {Now Black has nasty threats against
the white K again!} 42. Nc4 (42. Nd5 Rf2 $1) 42... Rf2 $1 43. Bb6 (43. Rg1 Re2
$1 {Black has to prepare the final blow.} (43... h3 {immediately was not so
effective because of} 44. Bc7 $1) 44. d5 h3 45. Bc7 (45. d6 exd6) 45... Ne1 $19
{Here is the difference!}) 43... h3 $1 44. Rg1 (44. d5 Rxg2 45. Bc7 Rh2+ 46.
Kg1 Rf2 47. Bxg3 Rg2+ 48. Kh1 Rxg3 $17) 44... Re2 {/\ Ne1, as before.} 45. Ba5
(45. Bc7 Ne1 46. Bxg3 hxg2+ $19) 45... Nxd4 0-1

[Event "FRA-chT Top 16 GpB"]
[Site "Port Barcares"]
[Date "2005.05.04"]
[Round "8"]
[White "Hernandez Guerrero, Gilberto Eduardo"]
[Black "Svidler, Peter"]
[Result "1/2-1/2"]
[WhiteElo "2516"]
[BlackElo "2725"]
[Annotator "Finkel,A"]
[PlyCount "82"]
[EventDate "2005.05.04"]
[EventType "team"]
[EventRounds "11"]
[EventCountry "FRA"]
[SourceTitle "CBM 107"]
[Source "ChessBase"]
[SourceDate "2005.08.01"]
[SourceVersion "1"]
[SourceVersionDate "2005.08.01"]
[SourceQuality "1"]

1. e4 c5 2. Nf3 Nc6 3. Bb5 g6 4. Bxc6 dxc6 5. d3 Bg7 6. Nc3 b6 7. Bf4 $5 {
Not a bad square for a bishop, even though black may gain a tempo by pushing
e5 later on.} (7. Be3 e5 8. Qd2 Qe7 9. h3 Nf6 10. Bh6) (7. h3 e5 8. a4 h6 9.
Be3 Be6 10. a5 Ne7 11. Qd2 f5 $132 {Kovalevskaya,E-Chernyshov,K/St Petersburg
2000}) (7. O-O Nh6 8. Bf4 f6 9. h3 e5 10. Bd2 Nf7 11. Nh2 O-O 12. f4 c4 13.
dxc4 Qd4+ 14. Kh1 exf4 15. Bxf4 Qxc4 $15 {Campora,D-Goldin,A/Cali 2001}) 7...
Bg4 (7... Nf6 8. h3 O-O 9. Qd2 Re8 10. Be5 $14) 8. h3 (8. e5 $6 Qd7 9. h3 Qf5
10. hxg4 Qxf4 11. Qe2 Qxg4 12. O-O-O Qe6 13. Kb1 h5 14. Rhe1 Nh6 $15 {
Shaposhnikov,E-Bu Xiangzhi/Shanghai 2001}) 8... Bxf3 9. Qxf3 e5 (9... Nf6 10.
O-O O-O 11. Be5 Ne8 12. Bxg7 Nxg7 13. Qg3 $14) 10. Be3 Nf6 11. a4 O-O (11... a5
12. O-O O-O 13. Ne2 Qd6 14. Rae1 Nd7 15. Qg3 $14) 12. a5 Ne8 $6 13. O-O $6 {
White was so concentrated on playing for a draw that he missed a chance to get
a significant opening advantage.} (13. Ne2 $5 Nd6 (13... f5 $6 14. exf5 gxf5
15. Qxc6 f4 16. Bd2 $16) (13... Nc7 $6 14. h4 Ne6 15. h5 Nd4 16. Nxd4 cxd4 17.
Bd2 $16) (13... Rc8 14. h4 $1 f5 15. h5 f4 16. Bd2 g5 17. h6 Bf6 18. g3 Qd7 19.
gxf4 gxf4 20. axb6 axb6 21. Bc3 $14) 14. O-O Nb5 15. Qg3 Nd4 16. Nxd4 cxd4 17.
Bd2 $14) 13... Nc7 14. Ra2 Ne6 $11 {Now Black is doing ok.} 15. axb6 axb6 16.
Rfa1 Rxa2 17. Rxa2 Qd7 (17... Nd4 18. Qd1 f5 19. exf5 gxf5 20. Ra7 Qb8 21. Rd7
Rd8 22. Rxd8+ Qxd8 23. Qh5 $11) 18. Ra6 Qb7 19. Ra2 Ra8 20. Rxa8+ Qxa8 21. Qd1
Nd4 22. Qb1 (22. Bxd4 $5 cxd4 23. Ne2 Qa2 24. Qc1 $11) 22... Bf8 23. Bxd4 cxd4
24. Qa2 (24. Ne2 $5) 24... Qxa2 25. Nxa2 f5 26. f3 c5 27. Nc1 Bh6 28. Nb3 Kf7
29. Kf2 Be3+ 30. Ke2 Kf6 31. c4 {[%csl Re3]} Kg5 32. Na1 Bc1 33. b3 Kh4 34. Nc2
Kg3 35. Kf1 Bb2 36. b4 f4 37. bxc5 bxc5 38. Kg1 g5 39. Kf1 h6 40. Kg1 h5 41.
Kf1 Kh2 1/2-1/2

[Event "Dortmund SuperGM 33rd"]
[Site "Dortmund"]
[Date "2005.07.12"]
[Round "5"]
[White "Svidler, Peter"]
[Black "Sutovsky, Emil"]
[Result "1/2-1/2"]
[WhiteElo "2738"]
[BlackElo "2674"]
[Annotator "Finkel,A"]
[PlyCount "58"]
[EventDate "2005.07.07"]
[EventType "tourn"]
[EventRounds "9"]
[EventCountry "GER"]
[EventCategory "19"]
[SourceTitle "CBM 108"]
[Source "ChessBase"]
[SourceDate "2005.09.26"]
[SourceVersion "1"]
[SourceVersionDate "2005.09.26"]
[SourceQuality "1"]

1. e4 c5 2. Nf3 Nc6 3. Bb5 g6 4. Bxc6 bxc6 5. O-O Bg7 6. Re1 Nf6 {This line is
considered to be quite dangerous for black, but Emil proably knew something
that we don't since he has some experience on the white side of this variation.
} (6... Nh6 $5 7. c3 O-O 8. d4 cxd4 9. cxd4 f6 (9... d5 10. e5 f6 11. e6 Qd6
12. Qe2 a5 13. b3 Nf5 $132 {McShane,L-Yakovich,Y/Stockholm 2000)}) 10. b3 Nf7
11. Nbd2 d6 12. Bb2 Ba6 13. Rc1 Rc8 14. b4 e5 15. Nb3 Qb6 16. Bc3 Bc4 17. Qc2
Be6 18. h3 Qa6 $11 {Morozevich,A-Kasimdzhanov,R/Wijk aan Zee NED 2002}) 7. e5
Nd5 8. c4 Nc7 9. d4 cxd4 10. Qxd4 O-O (10... Ne6 $5 11. Qh4 d6 12. Bh6 Bxe5 13.
Nxe5 dxe5 14. Nc3 f6 15. Rad1 Qc7 16. f4 exf4 17. Re4 Rb8 $132 {Miroshnichenko,
E-Bu Xiangzhi/Bled 2000}) (10... d5 11. cxd5 (11. Nc3 O-O 12. Qh4 h5 $2 13. h3
Be6 14. Nd4 Qd7 15. cxd5 Bxd5 16. Nxd5 cxd5 17. Bg5 $14 {Estrada Nieto,
J-Mirzoev,A/Linares ESP 2002}) 11... cxd5 12. Nc3 O-O 13. Qh4 Rb8 14. b3 Ne6
15. Bh6 a5 16. Bxg7 Kxg7 17. Rad1 $14 {Velicka,P-Umansky,M/Bayern 2001}) 11.
Qh4 f6 (11... d5 $6 12. Bh6 f6 13. Bxg7 Kxg7 14. Nc3 $16 {[%csl Rg7][%cal
Ga1d1] Glek,I-Cacco,C/Porto San Giorgio 1999}) (11... Ne6 {[%csl Rg5][%cal
Ge6g5]} 12. Bh6 Rb8 (12... d5 13. Nc3 f5 14. cxd5 cxd5 15. Rad1 Bb7 16. Rd2
Bxh6 17. Qxh6 d4 18. Rxd4 $1 $16 {Magomedov,M-Myo Naing/Kuala Lumpur 1993}) 13.
b3 d5 14. Nc3 f6 15. Bxg7 Kxg7 16. cxd5 cxd5 17. Rad1 $16 {Komliakov,
V-Rakhimov,Z/Moscow 1997}) 12. exf6 ({More challenging for black is} 12. Nc3 {
but may be Svidler didn't want expose his preparationd for the Buenos-Aires!}
Ne6 13. exf6 Rxf6 (13... exf6 14. Be3 Rb8 15. Re2 Qa5 16. Rd1 Rb4 17. a3 Rb8
18. Red2 $16 {Sutovsky,E-Tibensky,R/Kaskady 2002}) 14. Ng5 Nf8 15. Nge4 Re6 16.
Bg5 d6 17. Rad1 Qc7 18. Re3 Rb8 19. b3 Rb4 20. Bh6 $16 {Kharitonov,A-Markos,J/
Oropesa del Mar 1999}) 12... exf6 13. Qd4 $6 {This move can't be right. White
is wasting too much time for moving around his queen, letting black to seize
an initiative.} (13. c5 d6 14. cxd6 Qxd6 15. Bf4 Qd8 16. Nc3 Nd5 17. Nxd5 Qxd5
18. Rad1 $36 {Arykin,A-Kryschilovskij,A/St Petersburg 1999}) (13. Bh6 g5 14.
Qh5 Ne6 15. g3 Bxh6 (15... Qe8 16. Qxe8 Rxe8 17. Bxg7 Kxg7 18. Nc3 $14) 16.
Qxh6 g4 17. Nh4 f5 18. Nc3 Qa5 19. Rad1 $36) 13... Ne6 14. Qd6 f5 15. Nbd2 ({
In case of} 15. Nc3 $6 {white has some problems with his c-pawn:} Ba6 16. c5 (
16. Ne5 Qb8 17. Qxb8 (17. c5 $2 Re8 18. Nxd7 Nxc5 $19) 17... Rfxb8 18. Nxd7 Re8
$36) 16... Re8 $1 {[%csl Rc5][%cal Gg7f8]} 17. Be3 Bf8 $15) 15... c5 16. Nf1 (
16. Rb1 {[%cal Gb2b3,Gc1b2]} Qb6 17. Qd5 Bb7 (17... Rd8 $5 18. b3 Bb7 19. Qd3
d5 $13) 18. Qxd7 Rae8 19. b3 Bc6 20. Qd3 Nf4 21. Qf1 Rxe1 $17) (16. Nb3 Qb6 17.
Qd5 Bb7 18. Qxd7 Rae8 19. Qd3 Qc7 $44) 16... Bb7 17. Qd1 (17. Ne5 $6 Nd4 $36 {
[%cal Gd4c2]}) 17... Rb8 $1 {Very strong move putting a pressure on b2,
however black has another promising possibility} (17... Qc7 $5 18. Ne3 Nf4 19.
Nd5 Nxd5 20. cxd5 Qd6 $17) 18. Ne3 Bxf3 19. Qxf3 Nd4 $6 ({I see no reason why
black shouldn't take a pawn on b2.} 19... Bxb2 $5 20. Bxb2 Rxb2 21. Reb1 Qb6
$17) 20. Qd5+ Kh8 21. Qxc5 f4 22. Nd5 Qg5 $6 {After a move in the game a draw
becomes inevitable. Nothing promised} (22... Rc8 $6 23. Qxa7 Nc2 24. Bxf4 Nxa1
25. Rxa1 Rxc4 26. Be3 Bxb2 27. Rd1 $11 {and white is doing fine.}) ({The
correct way to play was} 22... Nc2 $1 {with much better chances in all of the
lines.} 23. Bxf4 Rxb2 24. Bc7 (24. Be3 Nxa1 25. Rxa1 Qh4 $17) 24... Qc8 (24...
Qh4 25. Re2 $1 (25. Be5 $6 {[%csl Rf8]} d6 $1 {[%csl Rf2]} 26. Bxg7+ Kxg7 27.
Qxa7+ Rf7 28. Re7 Rxe7 29. Nxe7 Kf8 30. Nd5 Nxa1 31. Qa8+ Kg7 32. Qa7+ Kh6 33.
Qe3+ Qg5 34. Qh3+ $11) 25... Nxa1 26. Rxb2 $16) 25. Qe7 {[%cal Gc7e5]} d6 $1
26. Bxd6 Rb7 27. Qe2 Nxa1 28. Be5 Qf5 $1 $17 29. Bxg7+ $140 Kxg7 30. Rxa1 Rb1+
31. Rxb1 Qxb1+ 32. Qf1 Rb8 $19) 23. Qe7 $1 $11 Nf3+ (23... Qxe7 24. Rxe7 Nc2
25. Rb1 Na3 26. Ra1 $11) (23... Qf5 $2 24. Bxf4 $14) 24. Kh1 Qh5 25. gxf3 Qxf3+
26. Kg1 Qg4+ 27. Kh1 Qf3+ 28. Kg1 Qg4+ 29. Kh1 Qf3+ 1/2-1/2